|
|
|
|
| LEADER |
00000nam a22000007a 4500 |
| 005 |
20160413121318.0 |
| 007 |
cr|||| ||u| |
| 008 |
160413s2014 bl ||||| |||| 00||0 por d |
| 020 |
|
|
|a 978-85-8085-052-9
|
| 035 |
|
|
|a 14079
|
| 040 |
|
|
|a vLex
|
| 090 |
|
|
|c 5980
|d 5980
|
| 100 |
1 |
|
|a Zizzi, Estv̊ô
|
| 245 |
1 |
0 |
|a Aȯ̂ revisional. Teoria e prt̀ica
|h [Recurso electrn̤ico] /
|c Estv̊ô Zizzi
|
| 256 |
|
|
|a Servicio en ln̕ea
|
| 260 |
|
|
|a Brasil
|b Editora Mundo Jurd̕ico
|c 2014
|
| 300 |
|
|
|a 1 recurso electrn̤ico (1® Ediȯ̂ 231 pg̀s)
|
| 506 |
1 |
|
|a Contenido solo disponible en los productos indicados
|d vLex Global
|d vLex Global (Academic Edition, excluding Law Schools)
|d vLex Global (U.S. Academic Edition, Law Schools)
|d vLex Global (U.S. Academic Edition, excluding Law Schools)
|d vLex Global (Academic Edition, Law Schools)
|
| 650 |
0 |
4 |
|a Derecho
|z Brasil
|
| 740 |
0 |
|
|a vLex libros (servicio en ln̕ea)
|
| 856 |
4 |
0 |
|u http://vlex.com/source/a-o-revisional-14079
|z Acceso restringido
|
| 942 |
|
|
|c BOOK
|
| 999 |
0 |
|
|a Law
|b Brasil
|